Custom Spelling 1 - Statistics

General Stats
  • This quiz has been taken 17 times
  • The average score is 11 of 28
Answer Stats
Hint Answer % Correct
She is my best friend
90%
It’s been a ____ since I saw you. while
90%
I _______ make my bed in the morning. always
60%
Take a _____ look. closer
60%
Of ______ you may play with me! course
60%
Do you ________ the problem? understand
60%
I will do better
50%
The rocket _______ into the sky. launched
50%
I ______ my best. tried
50%
Don’t forget to check your answer
40%
You are enough
40%
I am ______ excited for my birthday! extremely
40%
My ______ is to stay on task. goal
40%
They ______ being loud. were
40%
When we get too loud, the class turns to ______. chaos
30%
My mom and dad are my parents
30%
I hope we have ______ good for lunch. something
30%
The ______ of the water was clear. surface
30%
I love to read, _______ fantasy. especially
20%
Have you read ______ To The Center of The Earth? journey
20%
I ________ go to bed early, but last night I stayed up late. normally
20%
Include the ______ whenever you do research. source
20%
Walk _____ the store and I’ll meet you on the way. toward
20%
Fractions are equal parts of one ______. whole
20%
I _______ really like math. actually
10%
I feel ________ when I’m tired. miserable
10%
Recess is ______ the best subject! obviously
10%
They make an _____ team! unstoppable
10%
No matching quizzes found
Score Distribution
Percent of People with Each Score
Percentile by Number Answered
Your Score History
You have not taken this quiz